000 00850nam a2200229Ii 4500
003 JO-AjNU
008 230605s9999||||xx |||||||||||||| ||und||
017 _a2001/14872
020 _a977-01-7520-X
040 _aJO-AjNU
_bara
_erda
_cJO-AjNU
041 _aara
050 1 4 _aPJ786.AL7 2001
100 3 _aقدمة عبد الامير،شوقي,
_eauthor
_917994
245 0 0 _aالمختار من شعر الجواهري : الجواهري شاعر العرب الكبير، ج2
264 3 1 _aالقاهرة: وزارة الثقافة، 2001
300 _aج2، 185ص
336 _atext
_btxt
_2rdacontent
337 _aunmediated
_bn
_2rdamedia
338 _avolume
_bnc
_2rdacarrier
490 0 _aمهرجان القراءة للجميع،2001 مكتبة الاسرة
650 4 _aالجواهري شاعر العرب الكبير-شعر
_917995
999 _aA5672
_c9240
_d9240